| 000 | 00979nam0a2200289 4500 | ||
|---|---|---|---|
| 001 | RU\NLR\bibl\870792 | ||
| 005 | 20250614162018.0 | ||
| 010 | _a7-5085-0338-4 | ||
| 035 | _a(NLR Aleph) 000859413 | ||
| 090 |
_a1530357 _c1530357 |
||
| 100 | _a20051111d2003 |||y0rusy50 ca | ||
| 101 | 1 |
_arus _cund |
|
| 102 | _aRU | ||
| 105 | _aa z ||||| | ||
| 200 | 1 |
_aПекинская опера _fСюй Чэнбэй _gпер.: Сан Хуа, Хэ Жу |
|
| 210 |
_a[Пекин] _cМежконтинентальное издательство Китая _d2003 |
||
| 215 |
_a[4], 136 с. _cил., цв. ил. _d23 |
||
| 225 | 1 | _aСерия "Духовная культура Китая" | |
| 606 | 1 |
_aПекинская опера _91774908 _3RU\NLR\auth\66797356 |
|
| 686 | _aЩ335.413(5Кит) | ||
| 700 | 1 |
_aСюй Чэнбэй _4070 |
|
| 702 | 1 |
_aСан Хуа _4730 |
|
| 801 | 0 |
_aRU _bNLR _c20051111 _grcr |
|
| 801 | 1 |
_aRU _bNLR _c20051111 |
|
| 942 | _cBOOK | ||
| 980 | _aNB | ||